[Event "North American Open"]
[Site "Las Vegas"]
[Date "2012.12.27"]
[Round "4.7"]
[White "Ramirez, Alejandro"]
[Black "Krush, Irina"]
[Result "1/2-1/2"]
[WhiteElo "2554"]
[BlackElo "2459"]
[PlyCount "25"]
[EventDate "2012.12.??"]
[EventType "swiss"]
[EventRounds "9"]
[EventCountry "USA"]
[Source "MonRoi"]

1. Nf3 c5 2. e4 d6 3. d4 cxd4 4. Nxd4 Nf6 5. Nc3 Nc6 6. Bg5 e6 7. Qd2 Be7 8.
O-O-O O-O 9. f3 Nxd4 10. Qxd4 a6 11. h4 b5 12. Kb1 Bb7 13. e5 1/2-1/2

[Event "North American Open"]
[Site "Las Vegas"]
[Date "2012.12.27"]
[Round "4.8"]
[White "Amanov, Zhanibek"]
[Black "Gelashvili, Tamaz"]
[Result "1-0"]
[WhiteElo "2359"]
[BlackElo "2566"]
[PlyCount "77"]
[EventDate "2012.12.??"]
[EventType "swiss"]
[EventRounds "9"]
[EventCountry "USA"]
[Source "MonRoi"]

1. e4 d6 2. d4 g6 3. Nc3 Bg7 4. f4 Nc6 5. Nf3 Bg4 6. Be3 Bxf3 7. gxf3 e6 8. Qd2
Nf6 9. O-O-O Ne7 10. Ne2 d5 11. Ng3 Qd7 12. h4 O-O-O 13. Kb1 Kb8 14. c4 dxe4
15. fxe4 Ng4 16. Bg1 e5 17. fxe5 Bxe5 18. Ne2 c5 19. Bh3 h5 20. d5 b6 21. Nf4
Qc7 22. Nd3 Ka8 23. Qe2 Nf6 24. Rf1 Rhe8 25. Qf3 Neg8 26. Re1 Nh6 27. Nxe5 Qxe5
28. Bh2 Nxe4 29. d6 Qd4 30. d7 Re7 31. Rd1 Qg7 32. Bc7 Qf8 33. Qf4 Ng4 34. Bxg4
hxg4 35. Bxd8 Qxd8 36. Rhe1 f5 37. Rxe4 Rxe4 38. Qg5 Re7 39. Qxe7 1-0

[Event "North American Open"]
[Site "Las Vegas"]
[Date "2012.12.27"]
[Round "4.9"]
[White "Young, Angelo"]
[Black "Kekelidze, Mikheil"]
[Result "0-1"]
[WhiteElo "2341"]
[BlackElo "2491"]
[PlyCount "86"]
[EventDate "2012.12.??"]
[EventType "swiss"]
[EventRounds "9"]
[EventCountry "USA"]
[Source "MonRoi"]

1. Nf3 c5 2. g3 Nc6 3. Bg2 g6 4. O-O Bg7 5. c3 e5 6. a3 e4 7. Ne1 d5 8. d3 f5
9. dxe4 dxe4 10. Qxd8+ Nxd8 11. f3 exf3 12. Bxf3 Nf6 13. Be3 Ne6 14. Nd2 Ng4
15. Bxg4 fxg4 16. Ne4 b6 17. Rd1 Ke7 18. Nd6 Bf6 19. Ne4 Bg7 20. Nd6 Rf8 21.
Rxf8 Bxf8 22. Nxc8+ Rxc8 23. Nd3 Rd8 24. Nf2 Rxd1+ 25. Nxd1 Kd6 26. Kf1 Kd5 27.
Ke1 h5 28. Kd2 b5 29. b3 a6 30. Bf2 c4 31. b4 Bd6 32. Be3 Be5 33. Nf2 Nd8 34.
Bg5 Nf7 35. e4+ Ke6 36. Bf4 Bf6 37. h3 gxh3 38. Nxh3 g5 39. Bb8 Ne5 40. Bxe5
Kxe5 41. Ke3 g4 42. Nf2 Bg5+ 43. Ke2 Bc1 0-1

[Event "North American Open"]
[Site "Las Vegas"]
[Date "2012.12.27"]
[Round "4.10"]
[White "Yankovsky, Roman"]
[Black "Bodek, Michael"]
[Result "1-0"]
[WhiteElo "2474"]
[BlackElo "2316"]
[PlyCount "111"]
[EventDate "2012.12.??"]
[EventType "swiss"]
[EventRounds "9"]
[EventCountry "USA"]
[Source "MonRoi"]

1. e4 c5 2. Nf3 d6 3. d4 cxd4 4. Nxd4 Nf6 5. Nc3 g6 6. Be3 Bg7 7. f3 O-O 8. Qd2
Nc6 9. O-O-O d5 10. exd5 Nxd5 11. Nxc6 bxc6 12. Bd4 Nxc3 13. Qxc3 Bh6+ 14. Be3
Bxe3+ 15. Qxe3 Qb6 16. Qxe7 Be6 17. Qa3 Rfd8 18. Bd3 Rd5 19. b3 Rad8 20. Rde1
Rd4 21. Re5 R8d5 22. Rhe1 Rxe5 23. Rxe5 Rh4 24. Qe7 Qg1+ 25. Kb2 Qd4+ 26. Ka3
Qxe5 27. Qxh4 Qa5+ 28. Qa4 Qc5+ 29. Qb4 Qf2 30. Qb8+ Kg7 31. Qe5+ Kg8 32. Be4
Qxg2 33. Qb8+ Kg7 34. Qxa7 Qxh2 35. Qd4+ Kg8 36. Kb2 h5 37. a4 Qc7 38. Qc5 h4
39. a5 h3 40. a6 Bc8 41. a7 Bb7 42. f4 Ba8 43. f5 gxf5 44. Bh1 h2 45. Qe3 Kf8
46. b4 Qe7 47. Qxe7+ Kxe7 48. b5 Kd6 49. bxc6 Kc7 50. Kc3 f4 51. Kd4 Kb6 52. c7
Bxh1 53. c8=Q Bb7 54. Qc5+ Ka6 55. Qa3+ Kb6 56. a8=R 1-0

[Event "North American Open"]
[Site "Las Vegas"]
[Date "2012.12.27"]
[Round "4.13"]
[White "Kavutskiy, Konstantin"]
[Black "Aldama, Degurnay Dionisio"]
[Result "0-1"]
[WhiteElo "2299"]
[BlackElo "2434"]
[PlyCount "74"]
[EventDate "2012.12.??"]
[EventType "swiss"]
[EventRounds "9"]
[EventCountry "USA"]
[Source "MonRoi"]

1. e4 c5 2. Nf3 e6 3. d4 cxd4 4. Nxd4 a6 5. Nc3 Qc7 6. g3 Nf6 7. Bg2 Bb4 8. Bd2
Nc6 9. Nb3 O-O 10. O-O d6 11. f4 Bd7 12. a3 Ba5 13. g4 e5 14. f5 Bxc3 15. Bxc3
h6 16. h4 h5 17. gxh5 Kh8 18. Kh1 Kh7 19. Bf3 Rad8 20. Qe1 Rg8 21. Rg1 Ne7 22.
Qg3 Bc6 23. Rae1 b6 24. Nd2 Qb7 25. Qg5 Ne8 26. Nc4 f6 27. Qg2 d5 28. exd5 Rxd5
29. Re3 Rc5 30. Nd2 Nd6 31. Bb4 Rd5 32. Bxd6 Rxd2 33. Qxd2 Bxf3+ 34. Kh2 Nxf5
35. Rd3 Qe4 36. Qf2 Qf4+ 37. Rg3 Qxh4+ 0-1

[Event "North American Open"]
[Site "Las Vegas"]
[Date "2012.12.27"]
[Round "4.15"]
[White "Cheng, Bindi"]
[Black "Krishnan, Varun"]
[Result "1-0"]
[WhiteElo "2397"]
[BlackElo "2217"]
[PlyCount "73"]
[EventDate "2012.12.??"]
[EventType "swiss"]
[EventRounds "9"]
[EventCountry "USA"]
[Source "MonRoi"]

1. d4 d5 2. c4 e6 3. Nf3 Nf6 4. g3 dxc4 5. Bg2 a6 6. Ne5 Bb4+ 7. Bd2 Qxd4 8.
Bxb4 Qxe5 9. Na3 Qxb2 10. Rb1 Qxa2 11. Qc1 a5 12. Bc5 Na6 13. Rb2 Qxb2 14. Qxb2
Nxc5 15. Qe5 Na6 16. Qxa5 O-O 17. Nxc4 b6 18. Qa1 Nd5 19. O-O Bb7 20. Qe5 Nab4
21. f4 Nc6 22. Qb2 Ra4 23. Ne5 Nxe5 24. Qxe5 Rc4 25. f5 Re8 26. fxe6 fxe6 27.
Qh5 g6 28. Qf3 Bc6 29. Qf7+ Kh8 30. h4 b5 31. h5 gxh5 32. Bxd5 exd5 33. Qf6+
Kg8 34. Qg5+ Kh8 35. Rf7 Rg4 36. Qh6 Rxg3+ 37. Kf2 1-0

[Event "North American Open"]
[Site "Las Vegas"]
[Date "2012.12.27"]
[Round "4.16"]
[White "Kunche, Nikhilesh"]
[Black "Troff, Kayden"]
[Result "0-1"]
[WhiteElo "2217"]
[BlackElo "2365"]
[PlyCount "62"]
[EventDate "2012.12.??"]
[EventType "swiss"]
[EventRounds "9"]
[EventCountry "USA"]
[Source "MonRoi"]

1. e4 c5 2. Nf3 d6 3. d4 cxd4 4. Nxd4 Nf6 5. Nc3 a6 6. Bg5 e6 7. f4 Be7 8. Qf3
Qc7 9. O-O-O Nbd7 10. g4 h6 11. Bxf6 Bxf6 12. h4 Qb6 13. Nce2 Nc5 14. g5 Be7
15. g6 fxg6 16. Qg2 O-O 17. Rg1 Bf6 18. Qxg6 Na4 19. b3 Nc3 20. Nxc3 Bxd4 21.
Rg3 Rxf4 22. Bc4 Be5 23. Bxe6+ Bxe6 24. Qxe6+ Kh8 25. Na4 Qb4 26. Kb1 Rf6 27.
Qg4 Bxg3 28. Qxg3 Qxe4 29. Rg1 Qe7 30. Nc3 Raf8 31. Kb2 Rf3 0-1

[Event "North American Open"]
[Site "Las Vegas"]
[Date "2012.12.27"]
[Round "4.17"]
[White "Lenderman, Alex"]
[Black "Kretchetov, Alexandre"]
[Result "1-0"]
[WhiteElo "2619"]
[BlackElo "2306"]
[PlyCount "135"]
[EventDate "2012.12.??"]
[EventType "swiss"]
[EventRounds "9"]
[EventCountry "USA"]
[Source "MonRoi"]

1. e4 e5 2. Nf3 Nc6 3. Bb5 g6 4. c3 a6 5. Ba4 d6 6. d4 Bd7 7. O-O Bg7 8. h3
Nge7 9. dxe5 dxe5 10. Nbd2 O-O 11. Re1 Qe8 12. Bc2 Rd8 13. Qe2 h6 14. Nb3 Bc8
15. Nc5 Nb8 16. Be3 b6 17. Nd3 Nbc6 18. Ba4 Bd7 19. Bb3 a5 20. Rad1 Kh8 21. Bc1
Nc8 22. Bd5 f6 23. a3 Nd6 24. Qc2 Ne7 25. Bb3 Bc6 26. Nd2 Bb7 27. f4 c5 28.
fxe5 fxe5 29. Nf2 Qc6 30. Be6 Ndf5 31. Ba2 Nd6 32. Nf3 c4 33. Qe2 b5 34. Bb1
Bc8 35. Be3 Nb7 36. Bc2 Be6 37. Kh2 Ng8 38. Nh4 Bf7 39. Ng4 Nc5 40. Nf3 Nd3 41.
Bxd3 cxd3 42. Qd2 Bb3 43. Ra1 g5 44. Kg1 Qc7 45. Qf2 Rd7 46. Qg3 Re8 47. h4 h5
48. hxg5 hxg4 49. Qxg4 Ree7 50. Qh4+ Bh6 51. gxh6 Qc6 52. Qg5 Qf6 53. Qxf6+
Nxf6 54. Bg5 Rd6 55. Nh4 Ree6 56. Bd2 Ng4 57. Nf5 Rc6 58. Rf1 Nf6 59. Rae1 Rc4
60. Ng3 Ng8 61. Rf8 b4 62. axb4 axb4 63. Rd8 bxc3 64. Bxc3 Rc5 65. Nf5 Bc4 66.
Re3 Kh7 67. Rg3 Rg6 68. Rd7+ 1-0

[Event "North American Open"]
[Site "Las Vegas"]
[Date "2012.12.27"]
[Round "4.18"]
[White "Santarius, Erik"]
[Black "Molner, Mackenzie"]
[Result "0-1"]
[WhiteElo "2303"]
[BlackElo "2479"]
[PlyCount "128"]
[EventDate "2012.12.??"]
[EventType "swiss"]
[EventRounds "9"]
[EventCountry "USA"]
[Source "MonRoi"]

1. e4 c5 2. b3 d6 3. f4 Nf6 4. Qf3 Nc6 5. Bb2 e6 6. Bb5 Bd7 7. Ne2 a6 8. Bxc6
Bxc6 9. d3 d5 10. Nd2 c4 11. dxc4 dxe4 12. Qg3 Qb6 13. Bd4 Bc5 14. Qe3 Bxd4 15.
Qxd4 Qa5 16. h3 O-O 17. Qe3 Rfd8 18. Nc3 Nh5 19. Rf1 e5 20. fxe5 Qxe5 21. g4
Qg3+ 22. Qxg3 Nxg3 23. Rg1 e3 24. Rxg3 Rxd2 25. Rxe3 Rxc2 26. Nd5 Bxd5 27. cxd5
Kf8 28. a4 Re8 29. Rxe8+ Kxe8 30. b4 Rc3 31. Kd2 Rxh3 32. Re1+ Kd7 33. Rf1 Ke8
34. Re1+ Kd8 35. Rf1 f6 36. g5 fxg5 37. Rf7 Kc8 38. Rxg7 Rb3 39. Rg8+ Kc7 40.
Rg7+ Kc8 41. Rg8+ Kc7 42. Rg7+ Kd6 43. Rxb7 Kxd5 44. Rxh7 Rxb4 45. Rg7 Rg4 46.
Rg6 a5 47. Rb6 Rb4 48. Rg6 Rg4 49. Rb6 Ke4 50. Rb5 Rg2+ 51. Ke1 g4 52. Rxa5 Kf3
53. Rd5 Rg1+ 54. Kd2 g3 55. Rf5+ Kg4 56. Rf8 g2 57. Ke2 Re1+ 58. Kxe1 g1=Q+ 59.
Ke2 Qg2+ 60. Kd3 Qd5+ 61. Ke2 Qc4+ 62. Kd1 Qb3+ 63. Ke2 Qe6+ 64. Kf1 Kg3 0-1

[Event "North American Open"]
[Site "Las Vegas"]
[Date "2012.12.27"]
[Round "4.20"]
[White "Sharma, Arun"]
[Black "Vibbert, Sean"]
[Result "1-0"]
[WhiteElo "2391"]
[BlackElo "2240"]
[PlyCount "97"]
[EventDate "2012.12.??"]
[EventType "swiss"]
[EventRounds "9"]
[EventCountry "USA"]
[Source "MonRoi"]

1. d4 d5 2. c4 e6 3. Nc3 Nf6 4. cxd5 exd5 5. Bg5 Nbd7 6. e3 c6 7. Bd3 Be7 8.
Nge2 O-O 9. Qc2 Re8 10. O-O Nf8 11. f3 Nh5 12. Bxe7 Qxe7 13. e4 Be6 14. e5 g6
15. f4 Ng7 16. Ng3 f5 17. Rab1 Nd7 18. b4 Nb6 19. Rfc1 Red8 20. Qf2 Rac8 21.
Nge2 a6 22. a4 Nc4 23. a5 Nd2 24. Rb2 Ne4 25. Qe3 Bd7 26. Na4 Rb8 27. h3 Qh4
28. Rf1 Rf8 29. Nc5 Bc8 30. Kh2 Qd8 31. Na4 Qe7 32. g3 h5 33. Rg1 Kh7 34. Kg2
h4 35. Bxe4 dxe4 36. Kh2 Be6 37. g4 Bc4 38. Nc5 Bxe2 39. Rxe2 Ne6 40. gxf5 gxf5
41. Nxe4 fxe4 42. Qxe4+ Kh8 43. f5 Nxd4 44. Qxd4 Rxf5 45. Rg4 Rh5 46. e6+ Kh7
47. Reg2 Rd8 48. Rg7+ Kh8 49. Rg8+ 1-0

[Event "North American Open"]
[Site "Las Vegas"]
[Date "2012.12.27"]
[Round "4.24"]
[White "Adamson, Robby"]
[Black "Aripov, Iskandar"]
[Result "0-1"]
[WhiteElo "2308"]
[BlackElo "2165"]
[PlyCount "56"]
[EventDate "2012.12.??"]
[EventType "swiss"]
[EventRounds "9"]
[EventCountry "USA"]
[Source "MonRoi"]

1. e4 c5 2. Nf3 g6 3. d4 cxd4 4. Nxd4 Nc6 5. c4 Nf6 6. Nc3 Nxd4 7. Qxd4 d6 8.
Be3 Bg7 9. f3 O-O 10. Qd2 a5 11. Rd1 Be6 12. b3 Nd7 13. Be2 Ne5 14. O-O a4 15.
f4 Ng4 16. Bd4 Nf6 17. Bf3 axb3 18. axb3 Qa5 19. Kh1 Rfd8 20. f5 Bd7 21. Qe3
Re8 22. Rde1 Qa3 23. Bxf6 exf6 24. Nd5 Rad8 25. Ra1 Qb2 26. Qb6 Bc6 27. Ne7+
Kh8 28. Rfb1 Ra8 0-1

[Event "North American Open"]
[Site "Las Vegas"]
[Date "2012.12.27"]
[Round "4.28"]
[White "Ardaman, Miles"]
[Black "Helfst, Matt"]
[Result "1-0"]
[WhiteElo "2282"]
[BlackElo "1933"]
[PlyCount "63"]
[EventDate "2012.12.??"]
[EventType "swiss"]
[EventRounds "9"]
[EventCountry "USA"]
[Source "MonRoi"]

1. b4 e5 2. a3 d5 3. Bb2 Bd6 4. d3 Nf6 5. Nd2 O-O 6. Nb3 Re8 7. e3 Qe7 8. Ne2
e4 9. h3 Nbd7 10. Ned4 Qd8 11. g4 Nb6 12. Nb5 Be7 13. g5 Nfd7 14. dxe4 dxe4 15.
Qd4 Bf8 16. O-O-O a6 17. Nc3 Qe7 18. Bg2 f5 19. gxf6 Nxf6 20. Nc5 Bf5 21. Nxb7
Rab8 22. Na5 Bd7 23. Rhg1 Rbd8 24. Nxe4 Nxe4 25. Bxe4 Bb5 26. Qc3 Na4 27. Qb3+
Kh8 28. Bc6 Rxd1+ 29. Rxd1 Rd8 30. Bd4 Qh4 31. c4 Bxc6 32. Nxc6 1-0

[Event "North American Open"]
[Site "Las Vegas"]
[Date "2012.12.27"]
[Round "4.31"]
[White "Schwartz, Ylan"]
[Black "Harmon-Vellotti, Carl"]
[Result "1-0"]
[WhiteElo "2239"]
[BlackElo "1879"]
[PlyCount "53"]
[EventDate "2012.12.??"]
[EventType "swiss"]
[EventRounds "9"]
[EventCountry "USA"]
[Source "MonRoi"]

1. Nf3 Nf6 2. c4 c5 3. Nc3 Nc6 4. d4 cxd4 5. Nxd4 g6 6. g3 Bg7 7. Bg2 O-O 8.
O-O Nxd4 9. Qxd4 d6 10. Qd3 a6 11. h3 Qc7 12. Bd2 Be6 13. b3 Rac8 14. Rac1 Bd7
15. e4 Bc6 16. f4 e6 17. Kh2 Nd7 18. Qe2 Nb6 19. Qf2 f5 20. Nd5 Bxd5 21. cxd5
Qd8 22. Ba5 Rc5 23. Rxc5 dxc5 24. Qxc5 Nd7 25. Bxd8 Nxc5 26. Be7 Rc8 27. Rc1
1-0

[Event "North American Open"]
[Site "Las Vegas"]
[Date "2012.12.28"]
[Round "5.1"]
[White "Kolev, Atanas"]
[Black "Li, Chao"]
[Result "0-1"]
[WhiteElo "2585"]
[BlackElo "2670"]
[PlyCount "96"]
[EventDate "2012.12.??"]
[EventType "swiss"]
[EventRounds "9"]
[EventCountry "USA"]
[Source "MonRoi"]

1. d4 Nf6 2. Nf3 g6 3. Bg5 Bg7 4. Nbd2 c5 5. c3 cxd4 6. cxd4 O-O 7. e3 d6 8.
Be2 Nc6 9. O-O h6 10. Bh4 Bf5 11. Rc1 Rc8 12. Qb3 Rc7 13. Qa3 a6 14. b4 Qb8 15.
Qb2 Rfc8 16. a4 g5 17. Bg3 b5 18. Qa3 Bg6 19. Rfd1 Nd5 20. e4 Ndxb4 21. axb5
axb5 22. Bf1 Qa7 23. Qb3 Qa4 24. Qxa4 bxa4 25. Rc4 g4 26. d5 gxf3 27. dxc6 fxg2
28. Kxg2 Na2 29. Nb1 Rxc6 30. Rxa4 Rb6 31. Rd2 Rb4 32. Rxb4 Nxb4 33. Re2 d5 34.
Nd2 Rc2 35. exd5 Bd3 36. Rxe7 Rxd2 37. d6 Bxf1+ 38. Kxf1 Bf6 39. Rc7 Kg7 40.
Rc4 Nd3 41. Rg4+ Kh7 42. Rc4 Kg6 43. Rc6 Ne5 44. Rc5 Nd7 45. Rc7 Nf8 46. Rb7
Rd5 47. Rb8 Kg7 48. Re8 Ne6 0-1

[Event "North American Open"]
[Site "Las Vegas"]
[Date "2012.12.28"]
[Round "5.3"]
[White "Kacheishvili, Giorgi"]
[Black "Shabalov, Alexander"]
[Result "1/2-1/2"]
[WhiteElo "2602"]
[BlackElo "2578"]
[PlyCount "62"]
[EventDate "2012.12.??"]
[EventType "swiss"]
[EventRounds "9"]
[EventCountry "USA"]
[Source "MonRoi"]

1. Nf3 Nf6 2. g3 g6 3. Bg2 Bg7 4. c4 d5 5. cxd5 Nxd5 6. Nc3 Nb6 7. O-O O-O 8.
b4 Nc6 9. b5 Na5 10. Qc2 c6 11. Rb1 Bf5 12. d3 Qd7 13. bxc6 Nxc6 14. Bb2 Nc4
15. g4 Nxb2 16. gxf5 Bxc3 17. Qxc3 Na4 18. Qa3 Nb6 19. fxg6 hxg6 20. Rfc1 Rfd8
21. Rc5 Qd6 22. Qc1 Rac8 23. Rbb5 Qf6 24. h4 Na4 25. Rc4 Nb6 26. Rc2 e6 27.
Rbc5 Ne7 28. Qg5 Kg7 29. Qxf6+ Kxf6 30. Ng5 Ned5 31. Bxd5 exd5 1/2-1/2

[Event "North American Open"]
[Site "Las Vegas"]
[Date "2012.12.28"]
[Round "5.8"]
[White "Krush, Irina"]
[Black "Friedel, Joshua"]
[Result "0-1"]
[WhiteElo "2459"]
[BlackElo "2494"]
[PlyCount "76"]
[EventDate "2012.12.??"]
[EventType "swiss"]
[EventRounds "9"]
[EventCountry "USA"]
[Source "MonRoi"]

1. d4 Nf6 2. Nf3 e6 3. e3 d5 4. c4 c5 5. cxd5 exd5 6. Bb5+ Bd7 7. Bxd7+ Nbxd7
8. dxc5 Nxc5 9. O-O Be7 10. Bd2 O-O 11. Bc3 Nfe4 12. Bd4 Ne6 13. Nbd2 Nxd4 14.
Nxd4 Bf6 15. N2b3 Rc8 16. Qe2 Qd7 17. Rac1 g6 18. Rxc8 Rxc8 19. Rc1 Rxc1+ 20.
Nxc1 Bxd4 21. exd4 Qa4 22. Qd3 Qb4 23. Nb3 Nd6 24. Qe2 Qa4 25. h4 Qxa2 26. Nc5
Qb1+ 27. Kh2 Qf5 28. Qe7 Qf4+ 29. Kg1 Ne4 30. Nxe4 Qxe4 31. Qxb7 Qxd4 32. g3
Kg7 33. Kg2 a5 34. b3 Qc5 35. Kf3 Qc3+ 36. Ke2 Qb2+ 37. Kf1 a4 38. Qxd5 a3 0-1

[Event "North American Open"]
[Site "Las Vegas"]
[Date "2012.12.28"]
[Round "5.10"]
[White "Troff, Kayden"]
[Black "Gurevich, Dmitry"]
[Result "1/2-1/2"]
[WhiteElo "2365"]
[BlackElo "2485"]
[PlyCount "146"]
[EventDate "2012.12.??"]
[EventType "swiss"]
[EventRounds "9"]
[EventCountry "USA"]
[Source "MonRoi"]

1. d4 d5 2. c4 e6 3. Nf3 Nf6 4. g3 c6 5. Bg2 dxc4 6. O-O b5 7. Bg5 Bb7 8. a4 a6
9. Nc3 Be7 10. Bxf6 Bxf6 11. Ne5 O-O 12. e3 Qc7 13. Ne4 Bxe5 14. dxe5 c5 15.
axb5 axb5 16. Rxa8 Bxa8 17. Nf6+ gxf6 18. exf6 Kh8 19. Bxa8 Nd7 20. Qf3 Qe5 21.
Bc6 Qxf6 22. Qh5 Ne5 23. Be4 h6 24. f4 Nd3 25. Bxd3 cxd3 26. Qxc5 Rb8 27. Rf2
Rd8 28. Rd2 Rd5 29. Qc3 Kg7 30. Qxf6+ Kxf6 31. Kf2 Rh5 32. Kf3 e5 33. Ke4 exf4
34. exf4 Rc5 35. Rxd3 Rc2 36. Rb3 Rxh2 37. Rxb5 h5 38. Rb6+ Kg7 39. Rb3 Rd2 40.
Kf5 Rd5+ 41. Ke4 Rd2 42. Rb8 Rg2 43. Kf3 Rd2 44. Rb5 Kf6 45. b4 Rd3+ 46. Kg2
Rb3 47. Kh2 Rb1 48. Kg2 Rb2+ 49. Kf3 Rb3+ 50. Kf2 Rb2+ 51. Ke3 Rb3+ 52. Kd4
Rxg3 53. Rxh5 Rf3 54. Rh4 Kf5 55. b5 Rf1 56. Kc5 Rc1+ 57. Kd6 Rb1 58. Kc6 Rc1+
59. Kd6 Rb1 60. Kc6 Rc1+ 61. Kb7 Ke4 62. b6 f5 63. Kb8 Rb1 64. b7 Rb2 65. Rh6
Kxf4 66. Kc7 Rxb7+ 67. Kxb7 Ke4 68. Re6+ Kd4 69. Rf6 Ke4 70. Kc6 f4 71. Kc5 f3
72. Kc4 Ke3 73. Kc3 f2 1/2-1/2

[Event "North American Open"]
[Site "Las Vegas"]
[Date "2012.12.28"]
[Round "5.12"]
[White "Liou, Yian"]
[Black "Lenderman, Alex"]
[Result "1/2-1/2"]
[WhiteElo "2352"]
[BlackElo "2619"]
[PlyCount "87"]
[EventDate "2012.12.??"]
[EventType "swiss"]
[EventRounds "9"]
[EventCountry "USA"]
[Source "MonRoi"]

1. e4 c5 2. Nf3 d6 3. d4 cxd4 4. Nxd4 Nf6 5. Nc3 Nc6 6. Nxc6 bxc6 7. Bd3 g6 8.
O-O Bg7 9. Bg5 Rb8 10. Rb1 O-O 11. Qd2 Re8 12. Na4 Qc7 13. c4 e5 14. b3 Be6 15.
Rbc1 Nh5 16. Be2 Nf6 17. Bf3 Rbd8 18. Rfd1 Qb8 19. Qa5 h6 20. Be3 Rd7 21. h3
Bf8 22. Qe1 Red8 23. Nc3 Bg7 24. Qe2 Kh7 25. Qc2 Qb7 26. Na4 Ng8 27. Bg4 Nf6
28. Bf3 Ng8 29. Bg4 Ne7 30. Bxe6 fxe6 31. Qe2 c5 32. Qg4 Nc6 33. Qxe6 Nd4 34.
Bxd4 exd4 35. Qd5 Qc7 36. f4 Re7 37. Rc2 Rde8 38. Re2 Re6 39. Nb2 Qe7 40. Rde1
Qh4 41. Rf1 Qe7 42. Rfe1 Qh4 43. Rf1 Qe7 44. Rfe1 1/2-1/2

[Event "North American Open"]
[Site "Las Vegas"]
[Date "2012.12.28"]
[Round "5.14"]
[White "Harmon-Vellotti, Luke"]
[Black "Matikozian, Andranik"]
[Result "1/2-1/2"]
[WhiteElo "2338"]
[BlackElo "2426"]
[PlyCount "85"]
[EventDate "2012.12.??"]
[EventType "swiss"]
[EventRounds "9"]
[EventCountry "USA"]
[Source "MonRoi"]

1. d4 Nf6 2. c4 c5 3. d5 e6 4. Nc3 exd5 5. cxd5 d6 6. e4 g6 7. f4 Bg7 8. Nf3
O-O 9. Be2 Bg4 10. O-O Nbd7 11. h3 Bxf3 12. Bxf3 Re8 13. Re1 Qa5 14. Qb3 Rab8
15. a4 b5 16. Bd2 c4 17. Qc2 b4 18. Nb5 a6 19. Nxd6 Qc5+ 20. Be3 Qxd6 21. e5
Nxe5 22. fxe5 Rxe5 23. Qxc4 Nd7 24. Qc6 Qe7 25. d6 Qh4 26. Qxd7 Rxe3 27. Rxe3
Bd4 28. Qe7 Qxe7 29. dxe7 Bxe3+ 30. Kf1 Re8 31. Rd1 Rxe7 32. a5 Re5 33. Rd5
Rxd5 34. Bxd5 Bf4 35. Bc4 Bc7 36. Bxa6 Bxa5 37. b3 Kg7 38. Ke2 Kf6 39. Kf3 Ke5
40. Bc4 f5 41. g4 f4 42. Bg8 h6 43. Bf7 1/2-1/2

[Event "North American Open"]
[Site "Las Vegas"]
[Date "2012.12.28"]
[Round "5.15"]
[White "Sharma, Arun"]
[Black "Zenyuk, Iryna"]
[Result "1/2-1/2"]
[WhiteElo "2391"]
[BlackElo "2250"]
[PlyCount "70"]
[EventDate "2012.12.??"]
[EventType "swiss"]
[EventRounds "9"]
[EventCountry "USA"]
[Source "MonRoi"]

1. d4 Nf6 2. c4 g6 3. Nc3 Bg7 4. e4 d6 5. f3 O-O 6. Be3 c5 7. Nge2 Nc6 8. d5
Ne5 9. Ng3 e6 10. Be2 exd5 11. cxd5 a6 12. a4 h5 13. O-O Nh7 14. Qd2 h4 15. Nh1
f5 16. exf5 gxf5 17. Nf2 Bd7 18. Nh3 Qf6 19. Kh1 Rae8 20. Rae1 Re7 21. Ng5 Nf7
22. f4 Nhxg5 23. fxg5 Qg6 24. Bf2 Nxg5 25. Bxh4 Ne4 26. Qc2 Qh7 27. g3 Bd4 28.
Nxe4 Rxe4 29. Bf3 Re5 30. a5 Bb5 31. Rxe5 Bxe5 32. Re1 Qg7 33. b3 Qh6 34. Qf2
Bd4 35. Qc2 Be5 1/2-1/2

[Event "North American Open"]
[Site "Las Vegas"]
[Date "2012.12.28"]
[Round "5.16"]
[White "Aripov, Iskandar"]
[Black "Gelashvili, Tamaz"]
[Result "0-1"]
[WhiteElo "2165"]
[BlackElo "2566"]
[PlyCount "58"]
[EventDate "2012.12.??"]
[EventType "swiss"]
[EventRounds "9"]
[EventCountry "USA"]
[Source "MonRoi"]

1. d4 Nf6 2. c4 e6 3. Nc3 Bb4 4. Qc2 O-O 5. a3 Bxc3+ 6. Qxc3 b5 7. cxb5 c6 8.
Bg5 cxb5 9. Nf3 Bb7 10. e3 a6 11. Be2 Nc6 12. O-O Rc8 13. Rfc1 h6 14. Bxf6 Qxf6
15. Qd2 Qg6 16. Ne1 d6 17. Bf3 e5 18. a4 exd4 19. axb5 axb5 20. exd4 Rfe8 21.
Nc2 Na5 22. Bxb7 Nb3 23. Qd1 Rc7 24. Nb4 Nxc1 25. Bf3 Rc4 26. Nd5 Qc2 27. Ne3
Qxd1+ 28. Bxd1 Nd3 29. Bc2 Rxe3 0-1

[Event "North American Open"]
[Site "Las Vegas"]
[Date "2012.12.28"]
[Round "5.21"]
[White "Bodek, Michael"]
[Black "Kunche, Nikhilesh"]
[Result "1-0"]
[WhiteElo "2316"]
[BlackElo "2217"]
[PlyCount "41"]
[EventDate "2012.12.??"]
[EventType "swiss"]
[EventRounds "9"]
[EventCountry "USA"]
[Source "MonRoi"]

1. e4 c5 2. Nf3 Nc6 3. Nc3 d6 4. d4 cxd4 5. Nxd4 Nf6 6. Bg5 Bd7 7. Qd2 Rc8 8.
f4 Nxd4 9. Qxd4 Qa5 10. e5 dxe5 11. fxe5 e6 12. O-O-O Bc6 13. Nb5 Bxb5 14. exf6
g6 15. Qe5 a6 16. Kb1 Qb6 17. Be3 Qc6 18. Bxb5 Qxb5 19. Qxb5+ axb5 20. Rd3 Bc5
21. Rc3 1-0

[Event "North American Open"]
[Site "Las Vegas"]
[Date "2012.12.28"]
[Round "5.22"]
[White "Colas, Joshua"]
[Black "Kavutskiy, Konstantin"]
[Result "1-0"]
[WhiteElo "2204"]
[BlackElo "2299"]
[PlyCount "127"]
[EventDate "2012.12.??"]
[EventType "swiss"]
[EventRounds "9"]
[EventCountry "USA"]
[Source "MonRoi"]

1. d4 Nf6 2. Nf3 e6 3. Bf4 b6 4. e3 Bb7 5. Bd3 g6 6. Nbd2 Bg7 7. h3 d6 8. O-O
Nbd7 9. Qe2 a6 10. e4 Qe7 11. c3 e5 12. Bh2 O-O 13. a4 Kh8 14. Rfe1 Nh5 15.
Rad1 h6 16. Nf1 Nf4 17. Bxf4 exf4 18. a5 b5 19. c4 b4 20. Qd2 c5 21. Qxf4 cxd4
22. Bc2 Ne5 23. b3 Nxf3+ 24. Qxf3 Qe5 25. Ra1 Rac8 26. Qd3 Rc5 27. Nd2 Rxa5 28.
Rxa5 Qxa5 29. Nf3 Qc5 30. Qd2 Re8 31. Qf4 Kg8 32. Bd3 a5 33. h4 Re6 34. Qd2 Bc6
35. Qc2 Qh5 36. Rc1 g5 37. c5 g4 38. cxd6 Rxd6 39. Nd2 Qxh4 40. Nc4 Rg6 41.
Nxa5 Bd7 42. g3 Qe7 43. Qc7 h5 44. Nc6 Qe8 45. Nxb4 Be5 46. Qb7 h4 47. Ra1 Kg7
48. Ra8 Qe7 49. Nd5 Qd6 50. Rd8 Bc6 51. Qc8 Qe6 52. Rg8+ Kh7 53. Qxe6 Rxe6 54.
Rxg4 hxg3 55. fxg3 Re8 56. b4 Rb8 57. Rg5 f6 58. Nxf6+ Bxf6 59. e5+ Kh6 60.
Rg6+ Kh5 61. exf6 Bb5 62. g4+ Kh4 63. Bxb5 Rxb5 64. f7 1-0

[Event "North American Open"]
[Site "Las Vegas"]
[Date "2012.12.28"]
[Round "5.28"]
[White "Beilin, Allan"]
[Black "Santarius, Erik"]
[Result "0-1"]
[WhiteElo "2018"]
[BlackElo "2303"]
[PlyCount "102"]
[EventDate "2012.12.??"]
[EventType "swiss"]
[EventRounds "9"]
[EventCountry "USA"]
[Source "MonRoi"]

1. e4 c5 2. Nf3 d6 3. d4 cxd4 4. Nxd4 Nf6 5. Nc3 Nc6 6. Bc4 e6 7. Bb3 a6 8. O-O
Qc7 9. Be3 b5 10. a3 Na5 11. Qe2 Nxb3 12. Nxb3 Bb7 13. Bg5 Be7 14. f4 h6 15.
Bxf6 Bxf6 16. Nd1 Qc6 17. Re1 O-O 18. c3 Bd8 19. Kh1 Bb6 20. Nd4 Qd7 21. Nf2
Rac8 22. Rad1 Qe7 23. Ng4 Qh4 24. h3 h5 25. Nh2 Qxf4 26. Qxh5 Bxe4 27. Nhf3 Rc5
28. Qg4 Qxg4 29. hxg4 Bb7 30. Nb3 Rd5 31. Rxd5 Bxd5 32. Nbd4 g6 33. g5 Kg7 34.
Nh2 Rh8 35. Ndf3 Bxf3 36. gxf3 Bf2 37. Re2 Bg3 38. Kg1 Bxh2+ 39. Rxh2 Rxh2 40.
Kxh2 f5 41. Kg3 Kf7 42. f4 e5 43. Kf3 Ke6 44. b3 Kd5 45. Ke3 a5 46. Kf3 a4 47.
bxa4 bxa4 48. Ke3 Kc4 49. fxe5 dxe5 50. Kd2 e4 51. Kc2 e3 0-1